00741nam a2200205Ia 4500003000900000008004100009040001600050080001600066100002700082245013000109260004700239300001700286490003600303650001800339650003100357700003000388942000700418999001700425952009300442IN-BaIIA211028s9999 xx 000 0 eng d cIIA Library a524-48bROL aRolfs, Claus E.921566 0aCauldrons in cosmosbnuclear astrophysicscClaus E. Rolfs and William S. Rodney  aChicagobUniversity of Chicago Pressc1988 axviii, 561p. aTheoretical Astrophysics Series aCosmos910012 aNuclear Astrophysics92774 aRodney, William S.921567 cBK c12331d12331 00104070aBANbBANcGENd1997-12-31l0o524-48/ ROLp13247r2025-02-18w1997-12-31yBK